Les 10 plus grandes villes des Pays-Bas sur une carte - Statistiques

Statistiques générales
  • Ce quiz a été pris 70 fois
  • Le résultat moyen est 6 sur 10
Réponses sur la Carte
Les réponses sont colorées sur une échelle allant du rouge au vert en fonction du pourcentage des utilisateurs qui les ont devinées à leur premier essai. Vous pouvez retrouver ces pourcentages ci-dessous.
 
Statistiques - réponses
Population Indice Ville % Correct
1.12 M La capitale du Pays Amsterdam
100%
829 K Plus grand port d'Europe Rotterdam
97%
298 K Son club de football est le PSV Eindhoven
80%
803 K La capitale du monde "légal" La Haye
80%
382 K Termine en -echt Utrecht
74%
213 K Ville la plus "jeune" du Pays Groningue
52%
204 K Porte presque le même nom qu'un quartier à Manhattan Haarlem
35%
213 K Historiquement industriel Tilburg
20%
221 K Termine en -echt Dordrecht
17%
270 K Plus ancienne université du Pays Leyde
8%
Aucun quiz correspondant
Distribution des résultats
% des personnes avec chaque résultat
Percentile par nombre de réponses
Votre historique - résultats
Vous n’avez pas pris ce quiz